| 000 | 00414 a2200133 4500 | ||
|---|---|---|---|
| 001 | ART_11894 | ||
| 005 | 20260410161901.0 | ||
| 008 | 260409a | ||
| 245 | 1 | 0 | _aThe effective tax rate and the pretax rate of return |
| 100 | 1 | _aFeldstein, Martin | |
| 700 | 1 | _aDicks-Mireaux, Louis | |
| 700 | 1 | _aPoterba, James | |
| 773 | 0 |
_tJournal of public economics _g- Vol. 21, NÂș 2 (jul. 1983) _wREV11485 |
|
| 999 |
_c25930 _d25930 |
||